<?xml version="1.0" encoding="UTF-8"?>
<record
    xmlns:xsi="http://www.w3.org/2001/XMLSchema-instance"
    xsi:schemaLocation="http://www.loc.gov/MARC21/slim http://www.loc.gov/standards/marcxml/schema/MARC21slim.xsd"
    xmlns="http://www.loc.gov/MARC21/slim">

  <leader>00860naa a2200205 a 4500</leader>
  <controlfield tag="001"> 80860) </controlfield>
  <controlfield tag="003">BD-RjUL</controlfield>
  <controlfield tag="005">20221129103931.0</controlfield>
  <controlfield tag="008">221129s2019    b  ||||| |||| 00| 0 a   d</controlfield>
  <datafield tag="035" ind1=" " ind2=" ">
    <subfield code="a">(BD-RjUL) 80860 </subfield>
  </datafield>
  <datafield tag="040" ind1=" " ind2=" ">
    <subfield code="a">BD-RjUL</subfield>
    <subfield code="b">BD-RjUL</subfield>
    <subfield code="d">BD-RjUL</subfield>
  </datafield>
  <datafield tag="082" ind1=" " ind2=" ">
    <subfield code="2">23</subfield>
    <subfield code="a">892.71092</subfield>
    <subfield code="b">KAA 2019</subfield>
  </datafield>
  <datafield tag="100" ind1=" " ind2=" ">
    <subfield code="a">Kamruzzaman, Md.   =   &#x642;&#x645;&#x631; &#x627;&#x644;&#x632;&#x645;&#x627;&#x646;,   &#x645;&#x62D;&#x645;&#x62F; </subfield>
    <subfield code="9">6068</subfield>
  </datafield>
  <datafield tag="245" ind1="1" ind2="4">
    <subfield code="a">&#x627;&#x644;&#x623;&#x641;&#x643;&#x627;&#x631; &#x627;&#x644;&#x641;&#x644;&#x633;&#x641;&#x64A;&#x629; &#x641;&#x64A; &#x634;&#x639;&#x631; &#x623;&#x628;&#x649; &#x627;&#x644;&#x639;&#x644;&#x627;&#x621; &#x627;&#x644;&#x645;&#x639;&#x627;&#x631;&#x64A;  = Philosophical Thoughts in the Poetry of Abul ' Ala al- Ma'arri /</subfield>
    <subfield code="c">Md. Kamruzzaman = &#x645;&#x62D;&#x645;&#x62F; &#x642;&#x645;&#x631; &#x627;&#x644;&#x632;&#x645;&#x627;&#x646;        </subfield>
    <subfield code="6">Md. Belal Hossain =  &#x645;&#x62D;&#x645;&#x62F; &#x628;&#x644;&#x627;&#x644; &#x62D;&#x633;&#x64A;&#x646;  </subfield>
  </datafield>
  <datafield tag="260" ind1=" " ind2=" ">
    <subfield code="a">Rajshahi University :</subfield>
    <subfield code="b">Department of Arabic</subfield>
    <subfield code="c">2019</subfield>
  </datafield>
  <datafield tag="300" ind1=" " ind2=" ">
    <subfield code="a">252 p. ;</subfield>
    <subfield code="c">28 cm</subfield>
  </datafield>
  <datafield tag="502" ind1=" " ind2=" ">
    <subfield code="a">Dept. of Arabic. Thesis. 2019. Ph.D.</subfield>
  </datafield>
  <datafield tag="600" ind1=" " ind2=" ">
    <subfield code="a">Al- Ma'ari, Abul Ala</subfield>
    <subfield code="9">6069</subfield>
  </datafield>
  <datafield tag="942" ind1=" " ind2=" ">
    <subfield code="2">ddc</subfield>
    <subfield code="c">THE</subfield>
  </datafield>
  <datafield tag="999" ind1=" " ind2=" ">
    <subfield code="c">80860</subfield>
    <subfield code="d">80860</subfield>
  </datafield>
  <datafield tag="952" ind1=" " ind2=" ">
    <subfield code="1">0</subfield>
    <subfield code="2">ddc</subfield>
    <subfield code="4">0</subfield>
    <subfield code="7">1</subfield>
    <subfield code="8">NFIC</subfield>
    <subfield code="a">RUCL</subfield>
    <subfield code="b">RUCL</subfield>
    <subfield code="c">Doc/The</subfield>
    <subfield code="d">2021-12-19</subfield>
    <subfield code="e">RU</subfield>
    <subfield code="l">0</subfield>
    <subfield code="o">A THE 892.71092 KAA 2019</subfield>
    <subfield code="p">D4432</subfield>
    <subfield code="r">2022-11-29 00:00:00</subfield>
    <subfield code="t">C-1</subfield>
    <subfield code="y">THE</subfield>
  </datafield>
</record>
